000 00319nam a22001337a 4500
008 170726b xxu||||| |||| 00| 0 eng d
020 _a9783540228073
041 _aeng
080 _a004
100 _a29
101 _aSHK
245 _aCOMPUTATIONAL INTELLIGENCE, THEORY AND APPLICATIONS
_cREUSCH,B
942 _2udc
_cBK
999 _c21901
_d21901